Piosenki Kękę - nagła śmierć - Statystyki

Ogólne statystyki
  • Ten quiz został rozwiązany 39 razy
  • Średni wynik to 10 z 15
Answers on the Grid
Answers color-coded by a green-red scale on the quiz's grid according to % correct below.
Wyjebane
Parostatek
Zrobiłeś to chłopak
Na szczycie
Nigdy ponad stan
Presja
Chcemy być wyżej
Smutek
Żyć aż do bólu
Złote tarasy
Młody Polak
To tylko rap
Idę na plażę
Safari
Kiss cam
Nic już nie muszę
Język ciała
Cesarz
Zbyt wiele
Pszczółka Maja
Na dłoni
Jednorożec
Moja pierwsza dziewczyna
Znachor
Patointeligencja
Szaman
Ty do mnie przyszłaś
Grill u Gawrona
Plaster
Samson
Alter ego
Pora mówić nara
 
Statystyki odpowiedzi
Odpowiedź % Poprawnych
Cesarz
85%
Nigdy ponad stan
85%
Wyjebane
85%
Zrobiłeś to chłopak
85%
Nic już nie muszę
76%
Smutek
76%
Presja
73%
To tylko rap
67%
Młody Polak
61%
Safari
58%
Na dłoni
55%
Samson
55%
Znachor
55%
Pora mówić nara
45%
Ty do mnie przyszłaś
42%
Nie znaleziono quizów pasujących do podanych kryteriów
Rozkład punktacji
Procent ludzi z każdym wynikiem
Percentyl według liczby udzielonych odpowiedzi
Twoja historia wyników
Nie rozwiązałeś tego quizu